<?xml version="1.0" encoding="UTF-8"?>
<record
    xmlns:xsi="http://www.w3.org/2001/XMLSchema-instance"
    xsi:schemaLocation="http://www.loc.gov/MARC21/slim http://www.loc.gov/standards/marcxml/schema/MARC21slim.xsd"
    xmlns="http://www.loc.gov/MARC21/slim">

  <leader>00886nam a2200157 a 4500</leader>
  <controlfield tag="008">140916s2012    ||||||||||||||||| ||    u</controlfield>
  <datafield tag="050" ind1=" " ind2=" ">
    <subfield code="a">GOV.ZAM(058)ER/2012A</subfield>
  </datafield>
  <datafield tag="110" ind1=" " ind2=" ">
    <subfield code="a">Government of the Republic of Zambia (GRZ)</subfield>
  </datafield>
  <datafield tag="245" ind1="1" ind2="0">
    <subfield code="a">Annual economic report 2012</subfield>
    <subfield code="c">by Government of the Republic of Zambia (GRZ)</subfield>
  </datafield>
  <datafield tag="260" ind1=" " ind2=" ">
    <subfield code="a">Lusaka:</subfield>
    <subfield code="b">Government of the Republic of Zambia (GRZ)</subfield>
    <subfield code="c">2012</subfield>
  </datafield>
  <datafield tag="300" ind1=" " ind2=" ">
    <subfield code="a">viii, 34p.: ill.</subfield>
  </datafield>
  <datafield tag="650" ind1=" " ind2="0">
    <subfield code="a">ECONOMIC DEVELOPMENT--ZAMBIA</subfield>
  </datafield>
  <datafield tag="995" ind1=" " ind2=" ">
    <subfield code="a">SPECIAL COLLECTIONS</subfield>
    <subfield code="e">1608</subfield>
    <subfield code="F">CBU-MAIN LIBRARY (Kitwe)</subfield>
    <subfield code="j">GOV.ZAM(058)AER/2012B</subfield>
    <subfield code="M">2</subfield>
    <subfield code="U">AVAILABLE</subfield>
    <subfield code="W">Sep 16, 2014</subfield>
    <subfield code="y">B1608</subfield>
    <subfield code="Z">Zambiana Collection</subfield>
  </datafield>
  <datafield tag="995" ind1=" " ind2=" ">
    <subfield code="a">SPECIAL COLLECTIONS</subfield>
    <subfield code="e">1607</subfield>
    <subfield code="F">CBU-MAIN LIBRARY (Kitwe)</subfield>
    <subfield code="j">GOV.ZAM(058)ER/2012A</subfield>
    <subfield code="M">1</subfield>
    <subfield code="U">AVAILABLE</subfield>
    <subfield code="W">Sep 16, 2014</subfield>
    <subfield code="y">B1607</subfield>
    <subfield code="Z">Zambiana Collection</subfield>
  </datafield>
  <datafield tag="995" ind1=" " ind2=" ">
    <subfield code="a">SPECIAL COLLECTIONS</subfield>
    <subfield code="e">1609</subfield>
    <subfield code="F">CBU-MAIN LIBRARY (Kitwe)</subfield>
    <subfield code="j">GOV.ZAM(058)ER/2012C</subfield>
    <subfield code="M">3</subfield>
    <subfield code="U">AVAILABLE</subfield>
    <subfield code="W">Sep 16, 2014</subfield>
    <subfield code="y">B1609</subfield>
    <subfield code="Z">Zambiana Collection</subfield>
  </datafield>
  <datafield tag="999" ind1=" " ind2=" ">
    <subfield code="c">84244</subfield>
    <subfield code="d">84244</subfield>
  </datafield>
  <datafield tag="952" ind1=" " ind2=" ">
    <subfield code="0">0</subfield>
    <subfield code="1">0</subfield>
    <subfield code="2">lcc</subfield>
    <subfield code="4">0</subfield>
    <subfield code="7">0</subfield>
    <subfield code="a">001</subfield>
    <subfield code="b">001</subfield>
    <subfield code="c">Zambiana Collection</subfield>
    <subfield code="d">2024-01-25</subfield>
    <subfield code="l">0</subfield>
    <subfield code="o">GOV.ZAM(058)ER/2012B</subfield>
    <subfield code="p">B1608</subfield>
    <subfield code="r">2024-01-25</subfield>
    <subfield code="t">1</subfield>
    <subfield code="w">2024-01-25</subfield>
    <subfield code="y">023</subfield>
  </datafield>
  <datafield tag="952" ind1=" " ind2=" ">
    <subfield code="0">0</subfield>
    <subfield code="1">0</subfield>
    <subfield code="2">lcc</subfield>
    <subfield code="4">0</subfield>
    <subfield code="7">0</subfield>
    <subfield code="a">001</subfield>
    <subfield code="b">001</subfield>
    <subfield code="c">Zambiana Collection</subfield>
    <subfield code="d">2024-01-25</subfield>
    <subfield code="l">0</subfield>
    <subfield code="o">GOV.ZAM(058)ER/2012A</subfield>
    <subfield code="p">B1607</subfield>
    <subfield code="r">2024-01-25</subfield>
    <subfield code="t">2</subfield>
    <subfield code="w">2024-01-25</subfield>
    <subfield code="y">023</subfield>
  </datafield>
  <datafield tag="952" ind1=" " ind2=" ">
    <subfield code="0">0</subfield>
    <subfield code="1">0</subfield>
    <subfield code="2">lcc</subfield>
    <subfield code="4">0</subfield>
    <subfield code="7">0</subfield>
    <subfield code="a">001</subfield>
    <subfield code="b">001</subfield>
    <subfield code="c">Zambiana Collection</subfield>
    <subfield code="d">2024-01-25</subfield>
    <subfield code="l">0</subfield>
    <subfield code="o">GOV.ZAM(058)ER/2012C</subfield>
    <subfield code="p">B1609</subfield>
    <subfield code="r">2024-01-25</subfield>
    <subfield code="t">3</subfield>
    <subfield code="w">2024-01-25</subfield>
    <subfield code="y">023</subfield>
  </datafield>
</record>
